000 00603nam a2200193Ia 4500
005 20260114185615.0
008 008 260114s9999 xx 000 0 eng d
020 _a9798216009986
037 _aEBOOK
040 _aCRL
_beng
_cCRL
041 _aeng
_2eng
084 _qCRL
100 _aSpencer C. Tucker
_9872147
245 4 _aThe Roots and Consequences of Independence Wars Conflicts That Changed World History
260 _bBloomsbury
_c2018
856 _uhttps://doi.org/10.5040/9798216009986?locatt=label:secondary_bloomsburyCollections
942 _cEBOOK
999 _c1471095
_d1471095